The process of economic growth

Treatment of development economics, change in the developing world

Guardat en:
Dades bibliogràfiques
Autor principal: Rostow, W. W.
Format: Llibre
Idioma:Undetermined
Publicat: New York Norton & Company 1962
Matèries:
Etiquetes: Afegir etiqueta
Sense etiquetes, Sigues el primer a etiquetar aquest registre!
Thư viện lưu trữ: Trung tâm Học liệu Trường Đại học Cần Thơ
LEADER 00594nam a2200193Ia 4500
001 CTU_221247
008 210402s9999 xx 000 0 und d
082 |a 330.1 
082 |b R839 
100 |a Rostow, W. W. 
245 4 |a The process of economic growth 
245 0 |c W. W. Rostow 
260 |a New York 
260 |b Norton & Company 
260 |c 1962 
520 |a Treatment of development economics, change in the developing world 
650 |a Economic development,Sự phát triển kinh tế 
904 |i Nguyên 
980 |a Trung tâm Học liệu Trường Đại học Cần Thơ